Economía de la empresa pública (Registro nro. 5483)
[ vista simple ]
| 000 -LEADER | |
|---|---|
| fixed length control field | 01094 a2200205 4500 |
| 001 - CONTROL NUMBER | |
| control field | 54315 |
| 005 - DATE AND TIME OF LATEST TRANSACTION | |
| control field | 20260407155815.0 |
| 008 - FIXED-LENGTH DATA ELEMENTS--GENERAL INFORMATION | |
| fixed length control field | 260407a arg spa d |
| 003 - CONTROL NUMBER IDENTIFIER | |
| control field | AR-UNSa-BCEJYS |
| 040 ## - CATALOGING SOURCE | |
| Original cataloging agency | AR-UNSa-BCEJYS |
| Language of cataloging | spa |
| Transcribing agency | AR-UNSa-BCEJYS |
| 080 ## - UNIVERSAL DECIMAL CLASSIFICATION NUMBER | |
| Universal Decimal Classification number | 658.115 |
| Common auxiliary subdivision | Empresas públicas, estatales y nacionalizadas (Economía) |
| 020 ## - INTERNATIONAL STANDARD BOOK NUMBER | |
| International Standard Book Number | 84-7196-261-1 |
| 041 ## - LANGUAGE CODE | |
| Language code of text/sound track or separate title | spa |
| 100 1# - MAIN ENTRY--PERSONAL NAME | |
| Personal name | Rees, Ray |
| 245 10 - TITLE STATEMENT | |
| Title | Economía de la empresa pública |
| 264 #1 - PRODUCTION, PUBLICATION, DISTRIBUTION, MANUFACTURE, AND COPYRIGHT NOTICE | |
| Place of production, publication, distribution, manufacture | Madrid : |
| Name of producer, publisher, distributor, manufacturer | Instituto de Estudio Fiscales |
| 505 ## - FORMATTED CONTENTS NOTE | |
| Formatted contents note | 1. Los objetivos de la empresa pública - 2. El sistema de control de la empresa pública - 3. Economía del bienestar y política de empresa pública - 4. Determinación de precios al coste marginal y equilibrio parcial - 5. Determinación de precios al coste marginal en la práctica - 6. Algunos problemas de la segunda preferencia - 7. Rentabilidad,imposición y distribución de renta - 8. El coste de capital de la empresa pública - 9. Determinación de precios e inversión en condiciones de incertidumbre |
| 590 ## - LOCAL NOTE (RLIN) | |
| Local note | niveau_biblio:m niveau_hierar:0 |
| 942 ## - ADDED ENTRY ELEMENTS (KOHA) | |
| Koha item type | |
| Withdrawn status | Lost status | Damaged status | Not for loan | Home library | Current library | Shelving location | Date acquired | Total checkouts | Full call number | Barcode | Date last seen | Price effective from | Koha item type |
|---|---|---|---|---|---|---|---|---|---|---|---|---|---|
| Biblioteca Prof. Eusebio Cleto del Rey | Biblioteca Prof. Eusebio Cleto del Rey | 07/04/2026 | 658.115 R328 | L33427 | 07/04/2026 | 07/04/2026 | Libro |